[Event "Titled Tuesday intern op 23rd Jan Late"]
[Site "Chess.com INT"]
[Date "2024.01.23"]
[Round "2"]
[White "Kuzmicz, Krystian"]
[Black "Nakamura, Hikaru"]
[Result "0-1"]
[WhiteElo "2471"]
[BlackElo "2788"]
[PlyCount "108"]
[EventDate "2024.01.23"]
[EventType "swiss (blitz)"]
[EventRounds "11"]
[EventCountry "USA"]
[SourceTitle "CB05_2024"]
[SourceDate "2024.01.31"]
[SourceVersion "1"]
[SourceVersionDate "2024.01.31"]
[SourceQuality "1"]

1. e4 g6 2. g3 c5 3. Bg2 Bg7 4. d3 Nc6 5. f4 d6 6. Nf3 Nh6 7. h3 f5 8. 0-0 0-0 9. c3 Rb8 10. Na3 b5 11. Nc2 b4 12. c4 Nf7 13. Ne3 fxe4 14. dxe4 Nd4 15. Nxd4 Bxd4 16. Kh2 e6 17. Qe2 a5 18. Rd1 Qe7 19. Rb1 a4 20. Nc2 Bg7 21. b3 axb3 22. axb3 Bb7 23. Bb2 Bxb2 24. Rxb2 g5 25. Ne3 gxf4 26. gxf4 Kh8 27. Rbd2 Qf6 28. Rf1 Qg7 29. Qh5 Rg8 30. Ng4 Rbf8 31. Ra2 Nd8 32. e5 Bxg2 33. Rxg2 dxe5 34. Qxe5 Rf5 35. Qxg7+ Rxg7 36. Ne5 Nf7 37. Rxg7 Kxg7 38. Nxf7 Kxf7 39. Kg3 e5 40. Rf3 Ke6 41. h4 Rf8 42. Rf2 Rf7 43. Rf3 e4 44. Rf1 Rg7+ 45. Kf2 Kf5 46. Ke2 Rg2+ 47. Kd1 e3 48. Ke1 Rb2 49. Rf3 Ke4 50. Rg3 Kd3 51. Kf1 Rb1+ 52. Kg2 Kd2 53. Rg5 e2 54. Rd5+ Kc3 0-1

[Event "Titled Tuesday intern op 26th Sep Late"]
[Site "Chess.com INT"]
[Date "2023.09.26"]
[Round "1"]
[White "Kuzmicz, Krystian"]
[Black "Balla, Tamas Kristof"]
[Result "1-0"]
[WhiteElo "2466"]
[BlackElo "2308"]
[PlyCount "57"]
[EventDate "2023.09.26"]
[EventType "swiss (blitz)"]
[EventRounds "11"]
[EventCountry "USA"]
[SourceTitle "EXT 2024"]
[Source "ChessBase"]
[SourceDate "2023.10.10"]
[SourceVersion "1"]
[SourceVersionDate "2023.10.10"]
[SourceQuality "1"]

1. e4 c5 2. d3 g6 3. g3 Bg7 4. Bg2 Nc6 5. f4 d6 6. Nf3 e6 7. 0-0 Nge7 8. c3 d5 9. Na3 0-0 10. e5 d4 11. c4 b6 12. Ng5 Bb7 13. Ne4 Kh8 14. Nc2 a5 15. g4 Nb4 16. Nf6 Bxg2 17. Kxg2 Nxc2 18. Qxc2 Nc6 19. g5 h6 20. Rf3 Ne7 21. Rh3 Nf5 22. Qe2 Bxf6 23. exf6 e5 24. fxe5 Re8 25. Bf4 Qd7 26. Qf2 Re6 27. Rxh6+ Nxh6 28. Qh4 Qc6+ 29. Kg1 1-0

[Event "Titled Tuesday intern op 26th Sep Late"]
[Site "Chess.com INT"]
[Date "2023.09.26"]
[Round "2"]
[White "Rees, Ioan"]
[Black "Kuzmicz, Krystian"]
[Result "1-0"]
[WhiteElo "2289"]
[BlackElo "2466"]
[PlyCount "65"]
[EventDate "2023.09.26"]
[EventType "swiss (blitz)"]
[EventRounds "11"]
[EventCountry "USA"]
[SourceTitle "EXT 2024"]
[Source "ChessBase"]
[SourceDate "2023.10.10"]
[SourceVersion "1"]
[SourceVersionDate "2023.10.10"]
[SourceQuality "1"]

1. d4 g6 2. e4 Bg7 3. Nf3 c6 4. Bd3 d5 5. e5 Bg4 6. Nbd2 e6 7. c3 Nd7 8. Nf1 Ne7 9. Ne3 Bxf3 10. Qxf3 c5 11. h4 h5 12. Bd2 Nc6 13. Qf4 cxd4 14. cxd4 Bh6 15. Qg3 Nxd4 16. Bb4 Qb6 17. a3 a5 18. Bd6 Qxb2 19. 0-0 Ne2+ 20. Bxe2 Qxe2 21. Rfe1 Qd3 22. Red1 Qe4 23. Rab1 b6 24. Rbc1 Qf4 25. Qh3 Nxe5 26. Nxd5 Qxc1 27. Rxc1 Bxc1 28. Nc7+ Kd7 29. Bxe5 Rhc8 30. Qd3+ Kc6 31. Nxa8 Kb7 32. Nc7 Bxa3 33. Qxa3 1-0

[Event "Titled Tuesday intern op 12th Sep Late"]
[Site "Chess.com INT"]
[Date "2023.09.12"]
[Round "2"]
[White "Kuzmicz, Krystian"]
[Black "Krzywda, Andrzej"]
[Result "1-0"]
[WhiteElo "2466"]
[BlackElo "2210"]
[PlyCount "87"]
[EventDate "2023.09.12"]
[EventType "swiss (blitz)"]
[EventRounds "11"]
[EventCountry "USA"]
[SourceTitle "EXT 2024"]
[Source "ChessBase"]
[SourceDate "2023.10.10"]
[SourceVersion "1"]
[SourceVersionDate "2023.10.10"]
[SourceQuality "1"]

1. e4 e5 2. Nf3 Nf6 3. Nc3 Bb4 4. Bc4 Bxc3 5. dxc3 d6 6. Qe2 h6 7. h3 Nbd7 8. Bd2 Nc5 9. Bd3 Be6 10. 0-0 a5 11. b3 0-0 12. c4 Nh7 13. c3 Qf6 14. Bc2 Bd7 15. Kh1 Ne6 16. g3 Nhg5 17. Nxg5 hxg5 18. Kg2 g6 19. Rad1 Kg7 20. Be3 Rh8 21. Rh1 Rh7 22. c5 Rah8 23. cxd6 cxd6 24. g4 Rh4 25. f3 Nf4+ 26. Bxf4 gxf4 27. Qd2 Rc8 28. c4 Rc6 29. Qf2 g5 30. Qa7 Qd8 31. Qxb7 Rc7 32. Qb6 Qc8 33. Qxd6 f6 34. Qe7+ Kg6 35. Rd6 Qh8 36. Rxd7 Rxd7 37. Qxd7 Qb8 38. Rd1 Qb6 39. Qe8+ Kh6 40. Qf8+ Kg6 41. Rd6 Qe3 42. Qxf6+ Kh7 43. Rd7+ Kg8 44. Qg7# 1-0

[Event "Titled Tuesday intern op 22nd Aug Late"]
[Site "Chess.com INT"]
[Date "2023.08.22"]
[Round "8"]
[White "Martinez Ramirez, Lennis"]
[Black "Kuzmicz, Krystian"]
[Result "0-1"]
[WhiteElo "2457"]
[BlackElo "2466"]
[PlyCount "78"]
[EventDate "2023.08.22"]
[EventType "swiss (blitz)"]
[EventRounds "11"]
[EventCountry "USA"]
[SourceTitle "EXT 2024"]
[Source "ChessBase"]
[SourceDate "2023.10.10"]
[SourceVersion "1"]
[SourceVersionDate "2023.10.10"]
[SourceQuality "1"]

1. Nf3 g6 2. d4 Bg7 3. c4 c5 4. d5 d6 5. e4 e6 6. dxe6 Bxe6 7. h3 Nc6 8. Bd3 Nge7 9. 0-0 0-0 10. Nc3 h6 11. Bf4 g5 12. Bh2 Ng6 13. Qb3 Rb8 14. Rad1 a6 15. Be2 Nd4 16. Nxd4 cxd4 17. Nd5 Bxd5 18. cxd5 Be5 19. g3 Bg7 20. Bg4 Ne5 21. Bf5 b5 22. f4 Nc4 23. Rd3 Ne3 24. Rxe3 dxe3 25. Qxe3 Bxb2 26. Qe2 Bg7 27. Kg2 Qe7 28. Rc1 a5 29. Qh5 b4 30. h4 gxf4 31. gxf4 a4 32. Kh3 b3 33. axb3 Rxb3+ 34. Bg3 a3 35. e5 dxe5 36. Rc4 a2 37. fxe5 Rxg3+ 38. Kxg3 Qxe5+ 39. Kh3 a1Q 0-1

[Event "Titled Tuesday intern op 15th Aug Late"]
[Site "Chess.com INT"]
[Date "2023.08.15"]
[Round "1"]
[White "Kuzmicz, Krystian"]
[Black "Romero Ruscalleda, Josep"]
[Result "0-1"]
[WhiteElo "2466"]
[BlackElo "2160"]
[PlyCount "86"]
[EventDate "2023.08.15"]
[EventType "swiss (blitz)"]
[EventRounds "11"]
[EventCountry "USA"]
[SourceTitle "EXT 2024"]
[Source "ChessBase"]
[SourceDate "2023.10.10"]
[SourceVersion "1"]
[SourceVersionDate "2023.10.10"]
[SourceQuality "1"]

1. e4 g6 2. g3 Bg7 3. Bg2 d6 4. f4 c5 5. d3 Nc6 6. Nf3 Nf6 7. 0-0 0-0 8. Nc3 Bd7 9. h3 Qc8 10. g4 Nd4 11. f5 Re8 12. Be3 Nxf3+ 13. Qxf3 Bc6 14. g5 Nd7 15. h4 b5 16. h5 b4 17. fxg6 fxg6 18. Nd5 Ne5 19. Qg3 Qg4 20. Bf4 Qxg3 21. Bxg3 Bxd5 22. exd5 gxh5 23. Bh3 Ng4 24. Rab1 Rf8 25. a3 Bd4+ 26. Kh1 Ne3 27. Be6+ Kg7 28. Rxf8 Rxf8 29. axb4 Nxc2 30. bxc5 Bxc5 31. Rc1 Ne3 32. d4 Bb6 33. b4 Rf3 34. Kh2 Nf1+ 35. Kg2 Rxg3+ 36. Kxf1 Rxg5 37. Rc8 Bxd4 38. Ke2 Kh6 39. Kf3 h4 40. Re8 Bf6 41. Ra8 Rg3+ 42. Kf2 Rb3 43. Rxa7 Bd4+ 0-1

[Event "Titled Tuesday intern op 15th Aug Late"]
[Site "Chess.com INT"]
[Date "2023.08.15"]
[Round "6"]
[White "Kuzmicz, Krystian"]
[Black "Tulchynskyi, Feliks"]
[Result "1-0"]
[WhiteElo "2466"]
[BlackElo "2228"]
[PlyCount "101"]
[EventDate "2023.08.15"]
[EventType "swiss (blitz)"]
[EventRounds "11"]
[EventCountry "USA"]
[SourceTitle "EXT 2024"]
[Source "ChessBase"]
[SourceDate "2023.10.10"]
[SourceVersion "1"]
[SourceVersionDate "2023.10.10"]
[SourceQuality "1"]

1. e4 c6 2. d4 d5 3. f3 e6 4. Be3 Nf6 5. e5 Nfd7 6. f4 c5 7. c3 Nc6 8. Nf3 Qb6 9. Qd2 f6 10. Bd3 Be7 11. 0-0 0-0 12. Na3 cxd4 13. cxd4 Nb4 14. Bb1 Qa6 15. Nc2 Nxc2 16. Qxc2 f5 17. g4 Nb6 18. gxf5 exf5 19. Qf2 Be6 20. Kh1 Kh8 21. Rg1 Rac8 22. Ng5 Bxg5 23. Rxg5 Qa4 24. b3 Qb5 25. Rg1 a5 26. Qd2 Qc6 27. Bd3 Qc3 28. Rac1 Qxd2 29. Bxd2 a4 30. Ba5 Nd7 31. bxa4 Ra8 32. Bb4 Rfc8 33. a5 Nb8 34. Rxc8+ Bxc8 35. Rc1 Nc6 36. Bd2 Nxd4 37. Rc7 Ne6 38. Re7 Kg8 39. Bxf5 Kf8 40. Rxe6 Bxe6 41. Bxe6 d4 42. Bd5 Rc8 43. Bxb7 Rc2 44. a6 Rxa2 45. Bb4+ Ke8 46. Kg1 d3 47. Kf1 Kd8 48. Ke1 h5 49. f5 h4 50. f6 gxf6 51. exf6 1-0

[Event "Titled Tuesday intern op 08th Aug Late"]
[Site "Chess.com INT"]
[Date "2023.08.08"]
[Round "2"]
[White "Grinev, Valeriy"]
[Black "Kuzmicz, Krystian"]
[Result "0-1"]
[WhiteElo "2418"]
[BlackElo "2466"]
[PlyCount "92"]
[EventDate "2023.08.08"]
[EventType "swiss (blitz)"]
[EventRounds "11"]
[EventCountry "USA"]
[SourceTitle "EXT 2024"]
[Source "ChessBase"]
[SourceDate "2023.10.10"]
[SourceVersion "1"]
[SourceVersionDate "2023.10.10"]
[SourceQuality "1"]

1. d4 g6 2. c4 Bg7 3. e4 c6 4. Nc3 d5 5. exd5 cxd5 6. cxd5 Nf6 7. Qb3 0-0 8. Be2 Nbd7 9. Bf3 Nb6 10. a4 e6 11. dxe6 Bxe6 12. Qd1 Bc4 13. Nge2 Nbd5 14. 0-0 Rc8 15. Re1 b6 16. Bg5 Qd7 17. h3 Rfe8 18. Nxd5 Nxd5 19. Bg4 f5 20. Bf3 Nb4 21. Ra3 Bf7 22. Rc3 Nd5 23. Rc1 Rxc1 24. Bxc1 Rc8 25. Bd2 Rc4 26. b3 Rc8 27. Qb1 Qd6 28. Rc1 Re8 29. Qd3 Nb4 30. Bxb4 Qxb4 31. d5 Rd8 32. Rc7 a5 33. Qe3 Re8 34. Qd3 Qe1+ 35. Kh2 Be5+ 36. g3 Bxc7 37. d6 Bxd6 38. Qxd6 Qxf2+ 39. Kh1 Qxf3+ 40. Kg1 Rxe2 41. Qd8+ Kg7 42. Qd4+ Kh6 43. Qh4+ Kg7 44. Qd4+ Kg8 45. Qd8+ Be8 46. Qd5+ Qxd5 0-1

[Event "Titled Tuesday intern op 08th Aug Late"]
[Site "Chess.com INT"]
[Date "2023.08.08"]
[Round "8"]
[White "Gurevich, Dmitry"]
[Black "Kuzmicz, Krystian"]
[Result "0-1"]
[WhiteElo "2371"]
[BlackElo "2466"]
[PlyCount "82"]
[EventDate "2023.08.08"]
[EventType "swiss (blitz)"]
[EventRounds "11"]
[EventCountry "USA"]
[SourceTitle "EXT 2024"]
[Source "ChessBase"]
[SourceDate "2023.10.10"]
[SourceVersion "1"]
[SourceVersionDate "2023.10.10"]
[SourceQuality "1"]

1. d4 g6 2. e4 Bg7 3. c4 c6 4. Nc3 d5 5. e5 Nh6 6. Nf3 0-0 7. Be2 f6 8. exf6 exf6 9. cxd5 cxd5 10. Qb3 Be6 11. Qxb7 Nd7 12. 0-0 Nb6 13. Qa6 Nf5 14. Re1 Nd6 15. Bf4 Ne4 16. Bd3 f5 17. Be5 Bh6 18. h4 Rf7 19. Re2 Rc8 20. Rc2 Qe8 21. Nb5 Rxc2 22. Bxc2 Bc8 23. Qa5 Nc4 24. Qe1 Qxb5 25. Bd3 Qe8 26. b3 Nxe5 27. Nxe5 Rc7 28. Qa5 Qd8 29. Nc6 Qd6 30. Nxa7 Bd7 31. Nb5 Bxb5 32. Qxb5 Kg7 33. a4 Qf4 34. Rf1 Qd2 35. Qxd5 Bf4 36. Bc4 Nxf2 37. Rxf2 Be3 38. Qe5+ Kh6 39. Qg3 Qe1+ 40. Bf1 Rc1 41. Kh2 Qxf2 0-1

[Event "Titled Tuesday intern op 01st Aug Late"]
[Site "Chess.com INT"]
[Date "2023.08.01"]
[Round "6"]
[White "Hakobyan, Aram"]
[Black "Kuzmicz, Krystian"]
[Result "1/2-1/2"]
[WhiteElo "2612"]
[BlackElo "2466"]
[PlyCount "208"]
[EventDate "2023.08.01"]
[EventType "swiss (blitz)"]
[EventRounds "11"]
[EventCountry "USA"]
[SourceTitle "EXT 2024"]
[Source "ChessBase"]
[SourceDate "2023.10.10"]
[SourceVersion "1"]
[SourceVersionDate "2023.10.10"]
[SourceQuality "1"]

1. d4 g6 2. e4 Bg7 3. Nc3 d5 4. Nxd5 c6 5. Ne3 Qxd4 6. Qxd4 Bxd4 7. Nf3 Bg7 8. Bc4 Nf6 9. e5 Ng4 10. e6 Bxe6 11. Bxe6 Nxe3 12. Bxf7+ Kxf7 13. fxe3 e6 14. 0-0 Ke7 15. e4 Nd7 16. Bg5+ Bf6 17. Bf4 e5 18. Be3 Rhf8 19. Rad1 Rad8 20. Rd3 b6 21. Rfd1 Nb8 22. Nxe5 Rxd3 23. Nxd3 Nd7 24. b3 c5 25. Nf4 Be5 26. g3 Nf6 27. Nd5+ Nxd5 28. exd5 Rf3 29. Re1 Kd6 30. c4 a6 31. Kg2 Rf7 32. Rf1 Rb7 33. Bf4 b5 34. Re1 Bxf4 35. Re6+ Kd7 36. gxf4 bxc4 37. bxc4 Rb4 38. Rxa6 Rxc4 39. Kg3 Rc2 40. a4 c4 41. a5 c3 42. Rc6 Ra2 43. a6 c2 44. Kg4 Rxa6 45. Rxc2 Ra5 46. Rb2 Rxd5 47. Rb7+ Ke6 48. Rxh7 Kf6 49. Ra7 Rd1 50. Ra6+ Kg7 51. Ra3 Rh1 52. Kg3 Rg1+ 53. Kf2 Rb1 54. h3 Rc1 55. Re3 Kf6 56. Kg3 Rg1+ 57. Kf3 Rf1+ 58. Ke4 Rh1 59. Rb3 Re1+ 60. Kf3 Rf1+ 61. Kg3 Rg1+ 62. Kf2 Rh1 63. Kg2 Ra1 64. Rb5 Ra3 65. Rd5 Rb3 66. Rc5 Ra3 67. Rg5 Rb3 68. Rg3 Rb2+ 69. Kf3 Kf5 70. Rg5+ Kf6 71. Re5 Rb1 72. Re2 Rf1+ 73. Ke4 Rh1 74. Re3 Rh2 75. Rg3 Re2+ 76. Kf3 Re1 77. Kg4 Rf1 78. h4 Rh1 79. Rg2 Rf1 80. Rb2 Rg1+ 81. Kf3 Rh1 82. Rb6+ Kg7 83. Kg3 Rg1+ 84. Kf3 Rh1 85. Ke4 Rxh4 86. Rb7+ Kf6 87. Rb6+ Kf7 88. Ke5 Rh5+ 89. Ke4 Ra5 90. Rb7+ Kf6 91. Rb6+ Kf7 92. Kf3 Ra1 93. Ke3 Re1+ 94. Kf2 Ra1 95. Kg3 Rg1+ 96. Kf3 Rf1+ 97. Kg4 Rg1+ 98. Kf3 Rf1+ 99. Ke4 Re1+ 100. Kd4 Rd1+ 101. Ke5 Re1+ 102. Kd5 Rf1 103. Ke4 Re1+ 104. Kf3 Rf1+ 1/2-1/2

[Event "Titled Tuesday intern op 01st Aug Late"]
[Site "Chess.com INT"]
[Date "2023.08.01"]
[Round "9"]
[White "Kuzmicz, Krystian"]
[Black "Ticona Rocabado, Licael Roderick"]
[Result "1-0"]
[WhiteElo "2466"]
[BlackElo "2415"]
[PlyCount "83"]
[EventDate "2023.08.01"]
[EventType "swiss (blitz)"]
[EventRounds "11"]
[EventCountry "USA"]
[SourceTitle "EXT 2024"]
[Source "ChessBase"]
[SourceDate "2023.10.10"]
[SourceVersion "1"]
[SourceVersionDate "2023.10.10"]
[SourceQuality "1"]

1. e4 b6 2. d4 Bb7 3. Bd3 Nf6 4. Qe2 e6 5. Nf3 d5 6. e5 Ne4 7. Nbd2 Nxd2 8. Bxd2 c5 9. c3 Nc6 10. 0-0 h6 11. a3 Be7 12. b4 Qc7 13. h4 c4 14. Bc2 0-0-0 15. h5 Rdg8 16. Nh2 Nd8 17. f4 g6 18. hxg6 fxg6 19. Ng4 h5 20. Nf6 Bxf6 21. exf6 Qf7 22. Qe5 Rf8 23. Rae1 Qxf6 24. Qd6 Rh7 25. Ba4 Qe7 26. Bd7+ Qxd7 27. Qxf8 Rf7 28. Qg8 Rg7 29. Qh8 Bc6 30. Re5 Ba4 31. Rfe1 Kb7 32. Rc1 Kc7 33. Be1 Qf7 34. Bh4 Nc6 35. Re3 Rg8 36. Qh6 Rf8 37. f5 exf5 38. Rce1 Kb8 39. Re7 Nxe7 40. Rxe7 Qg8 41. Qf4+ Ka8 42. Qc7 1-0

[Event "Titled Tuesday intern op 01st Aug Late"]
[Site "Chess.com INT"]
[Date "2023.08.01"]
[Round "8"]
[White "Pranav, V."]
[Black "Kuzmicz, Krystian"]
[Result "1-0"]
[WhiteElo "2588"]
[BlackElo "2466"]
[PlyCount "71"]
[EventDate "2023.08.01"]
[EventType "swiss (blitz)"]
[EventRounds "11"]
[EventCountry "USA"]
[SourceTitle "EXT 2024"]
[Source "ChessBase"]
[SourceDate "2023.10.10"]
[SourceVersion "1"]
[SourceVersionDate "2023.10.10"]
[SourceQuality "1"]

1. e4 c5 2. Nf3 e6 3. d4 cxd4 4. Nxd4 Nf6 5. Nc3 Nc6 6. a3 d6 7. Nxc6 bxc6 8. Bd3 e5 9. 0-0 Be7 10. h3 0-0 11. b3 Be6 12. Re1 Nd7 13. Na4 Nb6 14. Nb2 f6 15. c4 d5 16. Qc2 g6 17. Bh6 Rf7 18. Rad1 d4 19. c5 Nd7 20. b4 a5 21. Bc4 Bxc4 22. Nxc4 axb4 23. axb4 Rb8 24. Na5 Qc7 25. Bd2 Nf8 26. Ra1 Ne6 27. Qc4 Qc8 28. Nxc6 Qxc6 29. Ra6 Qc8 30. Rxe6 Kg7 31. Ra1 Bf8 32. Rea6 Qb7 33. Rb6 Qc7 34. Rxb8 Qxb8 35. Bh6+ Kg8 36. Qd5 1-0

[Event "Quenza op 12th"]
[Site "Quenza"]
[Date "2023.07.23"]
[Round "4"]
[White "Bellahcene, Bilel"]
[Black "Kuzmicz, Krystian"]
[Result "1-0"]
[WhiteElo "2520"]
[BlackElo "2466"]
[PlyCount "123"]
[EventDate "2023.07.23"]
[EventType "swiss"]
[EventRounds "9"]
[EventCountry "FRA"]
[SourceTitle "CBM 215 Extra"]
[Source "ChessBase"]
[SourceDate "2023.09.30"]
[SourceVersion "1"]
[SourceVersionDate "2023.09.30"]
[SourceQuality "1"]

1. e4 g6 2. d4 Bg7 3. Nc3 d5 4. e5 a6 5. f4 Nh6 6. Nf3 Bg4 7. Be3 f6 8. h3 Bxf3 9. Qxf3 e6 10. g4 0-0 11. Qg3 c5 12. dxc5 fxe5 13. fxe5 Nc6 14. 0-0-0 Nf7 15. h4 Nfxe5 16. Be2 d4 17. Kb1 Nd7 18. Bg5 Qa5 19. Ne4 Nxc5 20. Nxc5 Qxc5 21. Qb3 Qb4 22. Qxe6+ Kh8 23. Qb3 Qxb3 24. axb3 Rae8 25. Rde1 Re4 26. Bd1 Rfe8 27. Rxe4 Rxe4 28. Bf3 Re6 29. h5 gxh5 30. gxh5 Bh6 31. Bh4 Bf8 32. Rg1 Bg7 33. Rf1 Re8 34. Bd5 Rf8 35. Re1 Ne5 36. Bxb7 h6 37. Bxa6 Nf3 38. Rh1 Nxh4 39. Rxh4 Rf2 40. Bd3 Rg2 41. b4 Rg1+ 42. Ka2 Bf8 43. Rxd4 Kg7 44. b5 Rg5 45. Rh4 Bc5 46. Rh3 Kf6 47. Bg6 Ke7 48. Rf3 Kd6 49. Rf6+ Kd7 50. Rf7+ Kd6 51. Rh7 Be3 52. b6 Ra5+ 53. Kb1 Rb5 54. b7 Bd4 55. b3 Kc5 56. Kc1 Bc3 57. Kd1 Kd4 58. Rd7+ Ke5 59. Ke2 Ke6 60. Rc7 Be5 61. Rh7 Kd5 62. c4+ 1-0

[Event "Titled Tuesday intern op 24th Jan Late"]
[Site "Chess.com INT"]
[Date "2023.01.24"]
[Round "5"]
[White "Kuzmicz, Krystian"]
[Black "Indjic, Aleksandar"]
[Result "1-0"]
[WhiteElo "2466"]
[BlackElo "2641"]
[PlyCount "147"]
[EventDate "2023.01.24"]
[EventType "swiss (blitz)"]
[EventRounds "11"]
[EventCountry "USA"]
[SourceTitle "EXT 2024"]
[Source "ChessBase"]
[SourceDate "2023.10.10"]
[SourceVersion "1"]
[SourceVersionDate "2023.10.10"]
[SourceQuality "1"]

1. e4 e6 2. d3 c5 3. g3 Nc6 4. Bg2 Nge7 5. f4 g6 6. Nf3 Bg7 7. 0-0 d6 8. c3 f5 9. Na3 0-0 10. Nc2 b6 11. Be3 h6 12. exf5 gxf5 13. d4 Ba6 14. Re1 Qd7 15. dxc5 bxc5 16. Bxc5 Rad8 17. Bf2 e5 18. Qd2 Qc8 19. Rad1 Kh8 20. Ne3 e4 21. Nh4 d5 22. Nc2 Bd3 23. Bf1 Bxc2 24. Qxc2 Bf6 25. Ng2 Rg8 26. Qa4 Qb8 27. Rd2 Qc7 28. Red1 Rb8 29. Bb5 Nd8 30. Be2 Ndc6 31. Kf1 a5 32. Ne3 d4 33. cxd4 Rb4 34. Qc2 Qd7 35. Nc4 Rc8 36. Ne5 Qe8 37. Qb1 Nd5 38. Rc2 Nce7 39. Rxc8 Qxc8 40. Rc1 Qb8 41. b3 a4 42. Bc4 axb3 43. axb3 Qb7 44. Qc2 Kg7 45. Bxd5 Nxd5 46. Qc6 Qxc6 47. Rxc6 Rxb3 48. Rd6 Rb1+ 49. Kg2 Nb4 50. Rb6 Rb2 51. Kf1 Nd3 52. Rxb2 Nxb2 53. Be3 Na4 54. d5 Be7 55. Bd4 Kf8 56. Ke2 Ke8 57. Kd2 Bc5 58. Ke3 Bxd4+ 59. Kxd4 Nb6 60. Ng6 Nd7 61. Nh4 Nf6 62. Nxf5 h5 63. Nd6+ Ke7 64. Nxe4 Ng4 65. h3 Nh6 66. Ke5 Nf7+ 67. Kf5 Kf8 68. Kg6 h4 69. gxh4 Nh8+ 70. Kf6 Nf7 71. h5 Nd8 72. d6 Nf7 73. f5 Kg8 74. Ke7 1-0

[Event "Titled Tuesday intern op 24th Jan Late"]
[Site "Chess.com INT"]
[Date "2023.01.24"]
[Round "4"]
[White "Tang, Andrew"]
[Black "Kuzmicz, Krystian"]
[Result "1-0"]
[WhiteElo "2531"]
[BlackElo "2466"]
[PlyCount "47"]
[EventDate "2023.01.24"]
[EventType "swiss (blitz)"]
[EventRounds "11"]
[EventCountry "USA"]
[SourceTitle "EXT 2024"]
[Source "ChessBase"]
[SourceDate "2023.10.10"]
[SourceVersion "1"]
[SourceVersionDate "2023.10.10"]
[SourceQuality "1"]

1. d4 g6 2. c4 Bg7 3. Nc3 c5 4. d5 d6 5. e4 e6 6. Nge2 Ne7 7. h4 h6 8. h5 g5 9. f4 gxf4 10. Bxf4 e5 11. Bg3 f5 12. Bh4 f4 13. g3 Bg4 14. Bh3 Bxh3 15. Rxh3 Qd7 16. Qa4 Qxa4 17. Nxa4 Rf8 18. gxf4 exf4 19. Rf3 Be5 20. Kd2 Nd7 21. Raf1 Nb6 22. b3 Nxa4 23. bxa4 Kd7 24. Nxf4 1-0

[Event "Titled Tuesday intern op 24th Jan Late"]
[Site "Chess.com INT"]
[Date "2023.01.24"]
[Round "6"]
[White "Zhigalko, Sergei"]
[Black "Kuzmicz, Krystian"]
[Result "1-0"]
[WhiteElo "2572"]
[BlackElo "2466"]
[PlyCount "95"]
[EventDate "2023.01.24"]
[EventType "swiss (blitz)"]
[EventRounds "11"]
[EventCountry "USA"]
[SourceTitle "EXT 2024"]
[Source "ChessBase"]
[SourceDate "2023.10.10"]
[SourceVersion "1"]
[SourceVersionDate "2023.10.10"]
[SourceQuality "1"]

1. e4 c5 2. Nf3 e6 3. c3 Nf6 4. e5 Nd5 5. Bc4 Nc6 6. d4 cxd4 7. cxd4 d6 8. 0-0 Be7 9. Bd2 0-0 10. Nc3 b6 11. Nxd5 exd5 12. Bxd5 Bb7 13. Rc1 Rc8 14. e6 f5 15. Qa4 Qe8 16. Rfe1 a6 17. Bg5 b5 18. Qa3 h6 19. Bf4 Kh8 20. h4 Qh5 21. Qe3 Rfd8 22. a3 Ba8 23. Rc3 Na5 24. Bxa8 Rxa8 25. Rc7 Nc4 26. Qc1 Bxh4 27. b3 Nb6 28. Qc6 Rab8 29. e7 Re8 30. Bxd6 f4 31. Rb7 Rxb7 32. Qxb7 Nc8 33. Bc5 Bf6 34. d5 Kh7 35. b4 Bxe7 36. Bxe7 Rxe7 37. Rxe7 Nxe7 38. Qxe7 Qxd5 39. Qe1 Qd3 40. Qc1 g5 41. Qc7+ Kg8 42. Qb8+ Kg7 43. Qb7+ Kg8 44. Qa8+ Kg7 45. Qa7+ Kg8 46. Qxa6 g4 47. Qe6+ Kh8 48. Qxh6+ 1-0

[Event "Titled Tuesday intern op 03rd Jan Late"]
[Site "Chess.com INT"]
[Date "2023.01.03"]
[Round "4"]
[White "Fernandez Garcia, Gumersindo"]
[Black "Kuzmicz, Krystian"]
[Result "0-1"]
[WhiteElo "2172"]
[BlackElo "2466"]
[PlyCount "94"]
[EventDate "2023.01.03"]
[EventType "swiss (blitz)"]
[EventRounds "11"]
[EventCountry "USA"]
[SourceTitle "EXT 2024"]
[Source "ChessBase"]
[SourceDate "2023.10.10"]
[SourceVersion "1"]
[SourceVersionDate "2023.10.10"]
[SourceQuality "1"]

1. e4 c5 2. c3 g6 3. d4 cxd4 4. cxd4 d5 5. e5 Bg7 6. Nc3 Nc6 7. Bb5 Nh6 8. h3 0-0 9. Nf3 Bf5 10. 0-0 Be4 11. Bxc6 Bxf3 12. Qxf3 bxc6 13. Na4 Nf5 14. Qd3 f6 15. f4 fxe5 16. fxe5 e6 17. Nc5 Qe7 18. Bf4 Rab8 19. b3 Rb4 20. Be3 Re8 21. Rac1 Qh4 22. Bf2 Qg5 23. Rcd1 a5 24. Kh2 Nxd4 25. Bxd4 Rxd4 26. Qf3 Qxe5+ 27. Kh1 Rf8 28. Qxf8+ Bxf8 29. Rxf8+ Kg7 30. Rxd4 Qe1+ 31. Kh2 Kxf8 32. Nd3 Qe3 33. Rf4+ Ke7 34. Rf3 Qd4 35. Nf4 e5 36. Ne2 Qb2 37. Ng3 e4 38. Re3 Qxa2 39. Kg1 Qa1+ 40. Kf2 Qb2+ 41. Ne2 Kd6 42. Kf1 Qa1+ 43. Kf2 c5 44. g4 Qb1 45. h4 d4 46. Rh3 e3+ 47. Kf3 Qf1+ 0-1

[Event "Titled Tuesday intern op 03rd Jan Late"]
[Site "Chess.com INT"]
[Date "2023.01.03"]
[Round "2"]
[White "Huang, Youhe"]
[Black "Kuzmicz, Krystian"]
[Result "0-1"]
[WhiteElo "2067"]
[BlackElo "2466"]
[PlyCount "94"]
[EventDate "2023.01.03"]
[EventType "swiss (blitz)"]
[EventRounds "11"]
[EventCountry "USA"]
[SourceTitle "EXT 2024"]
[Source "ChessBase"]
[SourceDate "2023.10.10"]
[SourceVersion "1"]
[SourceVersionDate "2023.10.10"]
[SourceQuality "1"]

1. a3 e5 2. c3 Nf6 3. d4 d6 4. Nf3 e4 5. Nfd2 Bf5 6. e3 c6 7. Qb3 Qc7 8. c4 Nbd7 9. Nc3 Be7 10. Be2 Bg6 11. 0-0 0-0 12. f3 exf3 13. Bxf3 Rfe8 14. Re1 Rab8 15. a4 a6 16. a5 c5 17. d5 Ne5 18. Be2 Bf8 19. Nf3 Neg4 20. Nd1 Ne4 21. h3 Ngf6 22. Nc3 Nxc3 23. Qxc3 Ne4 24. Qb3 Be7 25. Bd3 Bf6 26. Qc2 Re7 27. Ra3 Rbe8 28. Qe2 b6 29. axb6 Qxb6 30. b3 Nc3 31. Qc2 Ne4 32. Nd2 h6 33. Nxe4 Bxe4 34. Bd2 Bg5 35. Kf2 Qb7 36. Bxe4 Rxe4 37. Qd3 Qc8 38. Re2 Bh4+ 39. Kg1 Qf5 40. Rxa6 Qg6 41. Ra1 Bg3 42. Rf1 h5 43. Rf3 h4 44. Be1 Be5 45. Bf2 Bf6 46. Rf4 Rxf4 47. Qxg6 fxg6 0-1

[Event "Titled Tuesday intern op 03rd Jan Late"]
[Site "Chess.com INT"]
[Date "2023.01.03"]
[Round "1"]
[White "Kuzmicz, Krystian"]
[Black "Hoffmann, Asa"]
[Result "1-0"]
[WhiteElo "2466"]
[BlackElo "2185"]
[PlyCount "77"]
[EventDate "2023.01.03"]
[EventType "swiss (blitz)"]
[EventRounds "11"]
[EventCountry "USA"]
[SourceTitle "EXT 2024"]
[Source "ChessBase"]
[SourceDate "2023.10.10"]
[SourceVersion "1"]
[SourceVersionDate "2023.10.10"]
[SourceQuality "1"]

1. e4 d6 2. f4 c6 3. Nf3 g6 4. g3 Bg7 5. Bg2 Nf6 6. d3 0-0 7. Nc3 d5 8. e5 Ne8 9. d4 Bg4 10. Ne2 e6 11. Be3 Nd7 12. h3 Bxf3 13. Bxf3 f6 14. 0-0 c5 15. c3 cxd4 16. cxd4 Nb8 17. Bf2 Nc6 18. g4 Qb6 19. f5 gxf5 20. gxf5 fxe5 21. dxe5 Qxb2 22. f6 Qxe5 23. fxg7 Rxf3 24. Kg2 Rf7 25. Bg3 Rxg7 26. Nf4 Nf6 27. Rf3 Ne4 28. Nh5 Qb2+ 29. Kh1 Nxg3+ 30. Rxg3 Rxg3 31. Nxg3 Rf8 32. Rb1 Qe5 33. Qg4+ Kh8 34. Rg1 Nd4 35. Nh5 Qe4+ 36. Qxe4 dxe4 37. Re1 Rf5 38. Ng3 Re5 39. Rd1 1-0